Flags to Languages - Statistics

General Stats
  • This quiz has been taken 107 times
    90 since last reset
  • The average score is 35 of 56
Answer Stats
Picture Answer % Correct
Turkish
96%
Japanese
95%
Hindi
93%
Danish
91%
Georgian
86%
Icelandic
85%
Kazakh
80%
Mongolian
80%
Hebrew
79%
Russian
79%
Swedish
79%
English
78%
French
78%
Italian
78%
Portuguese
78%
Vietnamese
74%
Estonian
73%
Korean
73%
Malay
73%
Arabic
71%
Finnish
71%
Armenian
70%
Bengali
70%
Norwegian
70%
Thai
70%
Persian
69%
German
68%
Spanish
68%
Czech
65%
Indonesian
65%
Turkmen
65%
Welsh
65%
Uzbek
64%
Tagalog
63%
Kyrgyz
61%
Maltese
61%
Belarussian
59%
Dzongkha
58%
Tongan
58%
Burmese
56%
Samoan
51%
Cantonese
49%
Maori
49%
Haitian Creole
48%
Swazi
46%
Malagasy
45%
Catalan
44%
Palauan
43%
Marshallese
41%
Tuvaluan
41%
Faroese
40%
Setswana/ Tswana
39%
Abkhaz
29%
Breton
23%
Bislama
21%
Chuukese
8%
No matching quizzes found
Score Distribution
Percent of People with Each Score
Percentile by Number Answered
Your Score History
You have not taken this quiz since the last reset